Catálogo

NELSON TRATADO DE PEDIATRIA (Registro nro. 46209)

Detalles MARC
000 -LEADER
fixed length control field 01126nam a2200229 a 4500
001 - CONTROL NUMBER
control field 46209
005 - DATE AND TIME OF LATEST TRANSACTION
control field 20180714025708.0
008 - FIXED-LENGTH DATA ELEMENTS--GENERAL INFORMATION
fixed length control field 140415s1992 mx 000 0 spa d
020 ## - INTERNATIONAL STANDARD BOOK NUMBER
International Standard Book Number 9682520649
041 ## - LANGUAGE CODE
Language code of text/sound track or separate title spa
082 ## - DEWEY DECIMAL CLASSIFICATION NUMBER
Classification number 618.92
Item number BEH
100 1# - MAIN ENTRY--PERSONAL NAME
Personal name BEHRMAN, RICHARD E.
245 10 - TITLE STATEMENT
Title NELSON TRATADO DE PEDIATRIA
250 ## - EDITION STATEMENT
Edition statement 1a ed.
260 ## - PUBLICATION, DISTRIBUTION, ETC.
Place of publication, distribution, etc. MEXICO :
Name of publisher, distributor, etc. NUEVA EDITORIAL INTERAMERICANA,
Date of publication, distribution, etc. 1992
300 ## - PHYSICAL DESCRIPTION
Extent 2
Dimensions 28.2 x 21.5 x 6.3
520 ## - SUMMARY, ETC.
Summary, etc. LA PEDIATRIA SE OCUPA DE LA SALUD DE LOS RECIEN NACIDOS, LOS NIÑOS Y LOS JOVENES, DE SU CRECIMIENTO Y EVOLUCION, Y DE SUS POSIBILIDADES DE DESARROLLARSE PLENAMENTE COMO ADULTOS . COMO MEDICOS QUE ASUMEN LA RESPONSABILIDAD DEL PROGRESO FISICO, MENTAL Y EMOCIONAL DE LOS NIÑOS DESDE LA CONCEPCION HASTA LA MADUREZ, LOS PEDIATRAS DEBEN OCUPARSE DE LAS INFLUENCIAS SOCIALES O MEDIOAMBIENTALES, QUE TIENEN UN IMPACTO CAPITAL SOBRE LA SALUD Y EL BIEN ESTAR DE LOS NIÑOS Y SUS FAMILIAS ASI COMO DE
650 14 - SUBJECT ADDED ENTRY--TOPICAL TERM
Topical term or geographic name entry element PEDIATRIA
700 1# - ADDED ENTRY--PERSONAL NAME
Personal name AGUD APARICIO, JOSE LUIS
Relator term tr.
740 ## - ADDED ENTRY--UNCONTROLLED RELATED/ANALYTICAL TITLE
Uncontrolled related/analytical title NELSON: TEXTBOOK OF PEDIATRICS
700 1# - ADDED ENTRY--PERSONAL NAME
Personal name Kliegman, Robert,
Relator term coaut.
Existencias
Withdrawn status Lost status Source of classification or shelving scheme Damaged status Not for loan Collection code Home library Current library Shelving location Date acquired Source of acquisition Inventory number Total Checkouts Full call number Barcode Date last seen Date last checked out Price effective from Koha item type
    Dewey Decimal Classification     General Biblioteca Karol Wojtyla Biblioteca Karol Wojtyla Sala general 03/12/2013 Compra 151000000000000000003767 2 618.92 BEH 69294 05/01/2026 21/10/2019 03/12/2013 Libro